| 000 | 00494nam a2200193Ia 4500 | ||
|---|---|---|---|
| 008 | 170918s9999 xx 000 0 und d | ||
| 020 | _a9780439690034 | ||
| 050 | _bG287 1996 | ||
| 100 | _aGayle, Sharon Shavers | ||
| 245 | 2 | _aA kwanzaa miracle / | |
| 245 | _cSharon Shavers Gayle ; illustrated by Frank Norfleet. | ||
| 260 | _aNew York : | ||
| 260 | _bScholastic, | ||
| 260 | _c1996 | ||
| 300 | _a32 pages : | ||
| 300 | _bcolored illustration ; | ||
| 300 | _c21cm. | ||
| 500 | _a700 | ||
| 999 |
_c341845 _d341845 |
||